Obce okresu Bruntál - Statistics

General Stats
  • This quiz has been taken 17 times
  • The average score is 35 of 67
Answer Stats
Počet obyvatel Odpověď % Correct
15 244 Bruntál
100%
7 862 Rýmařov
91%
22 716 Krnov
82%
658 Malá Morávka
82%
3 415 Město Albrechtice
82%
4 752 Vrbno pod Pradědem
82%
2 214 Horní Benešov
73%
1 148 Jindřichov
73%
176 Karlova Studánka
73%
442 Milotice nad Opavou
73%
357 Nové Heřminovy
73%
1 022 Osoblaha
73%
1 367 Světlá Hora
73%
1 392 Brantice
64%
1 051 Lichnov
64%
381 Mezina
64%
516 Razová
64%
184 Slezské Pavlovice
64%
504 Slezské Rudoltice
64%
911 Staré Město
64%
982 Úvalno
64%
254 Valšov
64%
378 Andělská Hora
55%
2 931 Břidličná
55%
329 Čaková
55%
403 Dětřichov nad Bystřicí
55%
1 254 Dvorce
55%
806 Horní Město
55%
264 Janov
55%
982 Karlovice
55%
442 Leskovec nad Moravicí
55%
487 Lomnice
55%
277 Ludvíkov
55%
600 Moravskoslezský Kočov
55%
79 Nová Pláň
55%
210 Roudno
55%
587 Ryžoviště
55%
465 Stará Ves
55%
865 Třemešná
55%
488 Václavov u Bruntálu
55%
317 Velká Štáhle
55%
1 172 Zátor
55%
374 Dolní Moravice
45%
635 Hošťálkovy
45%
337 Jiříkov
45%
114 Malá Štáhle
45%
344 Rudná pod Pradědem
45%
550 Široká Niva
45%
238 Tvrdkov
45%
328 Vysoká
45%
222 Bílčice
36%
307 Dívčí Hrad
36%
335 Horní Životice
36%
459 Liptaň
36%
452 Oborná
36%
211 Staré Heřminovy
36%
558 Svobodné Heřmanice
36%
381 Bohušov
27%
166 Býkov-Láryšov
27%
123 Dlouhá Stráň
27%
202 Hlinka
27%
362 Krasov
27%
236 Křišťanovice
27%
144 Petrovice
27%
141 Rusín
27%
344 Heřmanovice
18%
721 Molčovice
0%
No matching quizzes found
Score Distribution
Percent of People with Each Score
Percentile by Number Answered
Your Score History
You have not taken this quiz